Matematizacia a zdokonaľovanie metodologických nástrojov športovej humanistiky

Podrobná bibliografia
Hlavní autori: Doroš, Martin (Autor), Leško, Michal (Autor)
Médium: Článok
Jazyk:slovenčina
ISBN:8022320145
Predmet:

MARC

LEADER 00000nab a2200000 a 4500
001 vtls009141175
003 SK-MaSNL
005 20260304151328.0
008 250506|2004 xo ||||||||||||00 b|slo
015 |a SNBRA2007/09  |2 snkbucl 
035 |a urn:nbn:sk:snk-ab8ax3 
035 |a (urnnbn)urn:nbn:sk:snk:ar-a07pwq 
035 |a (uuid)0fe63e96-3ce4-4ec0-ab0d-e59f6d77dc92 
038 |a SNKBUCL 
040 |a SNKBUCL  |b slo  |c SNKBUCL  |e AACR2 
041 0 |a slo  |b eng 
044 |a xo  |c SK 
080 |a 796.01  |2 2001 
100 1 |a Doroš, Martin  |4 aut  |9 813302 
245 1 0 |a Matematizacia a zdokonaľovanie metodologických nástrojov športovej humanistiky  |c Martin Doroš, Michal Leško 
504 |a Bibliogr. odkazy 
546 |a Res. angl. 
650 0 7 |a šport  |2 snkbucl  |9 1042 
650 0 7 |a športová humanistika  |2 snkbucl  |9 67706 
700 1 |a Leško, Michal  |4 aut  |9 5096 
773 0 |t Acta Facultatis Educationis Physicae Universitatis Comenianae XLV  |d Bratislava : Univerzita Komenského, 2004  |g S. 85-91  |z 8022320145 
850 |a Slovenská národná knižnica 
852 |a Slovenská národná knižnica 
954 |a odborná, vedecká literatúra pôvodná (slovenská)  |2 lita 
958 |a article9 
958 |a OND 
958 |a EUIPO 
999 |c 2942939  |d 2944869